| 000 | 00810nam a22002297a 4500 | ||
|---|---|---|---|
| 999 |
_c1952 _d1952 |
||
| 003 | AR-CdUCM | ||
| 008 | 190228b ||||| |||| 00| 0 spa d | ||
| 040 |
_aMUNICIPALIDAD PROVINCIAL DEL CUSCO _cBIBLIOTECA MUNICIPAL DEL CUSCO |
||
| 082 |
_a348.7 / _bS85 |
||
| 100 |
_aSuárez Sandoval, Miguel _97134 |
||
| 245 | _aLa comunidad laboral peruana / | ||
| 260 |
_aPerú : _bImpr.Moreno, _c1973. |
||
| 300 |
_a188 paginas ; _c21 cm. |
||
| 505 | _aLey general de industrias --La ley de comunidad industrial --La general de pesquería --Comunidad minera --Comunidad pesquera ... | ||
| 650 |
_aComunidades laborales. _97135 |
||
| 650 |
_aLegislaciones _96349 |
||
| 650 |
_aComunidades industriales _97136 |
||
| 650 |
_aPesca _97137 |
||
| 650 |
_aMineria _9430 |
||
| 942 |
_2ddc _cLIBROS |
||
| 945 |
_arjall _d2019-02-28 |
||